000
00287nam a2200121Ia 4500
008
190216s9999||||xx |||||||||||||| ||und||
100
_a
Kalavathy S
245
0
_a
Operations Research
260
_b
Macmillan India Ltd
_c
2000
300
_a
506p
650
_a
Operation Research
942
_c
BK
999
_c
5899
_d
5899